Channel Islands Quiz Stats

 Plays Quiz not verified by Sporcle

Also try: Mali's Borders
Challenge
Share
Tweet
Embed
Score 0/5 Timer 05:00
0 Plays Today
Island % Correct
Guernsey
98.7%
Jersey
98.7%
Sark
83.5%
Alderney
76.6%
Herm
60.8%

You're not logged in!

Compare scores with friends on all Sporcle quizzes.
Join for Free
OR
Log In

You Might Also Like...

Show Comments

Extras

Top Quizzes Today


Score Distribution

Your Account Isn't Verified!

In order to create a playlist on Sporcle, you need to verify the email address you used during registration. Go to your Sporcle Settings to finish the process.

Report this User

Report this user for behavior that violates our Community Guidelines.

Details: